000 00668nam a2200229 b 4500
003 OSt
005 20151007143757.0
008 070608s2007 sp | ||| ||spa
020 _a978-84-264-1604-9
040 _cBMC
082 _a823
100 1 _aSetterfield, Diane
_936578
245 1 3 _aEl cuento número trece
_cDiane Setterfield ; traducción de Matuca Fernández de Villavicencio
250 _a3ª ed
260 _aBarcelona
_bLumen
_c2007
300 _a473 p.
_c24 cm
490 1 _aNarrativa
595 _aTraducción: The thirteenth tale
650 2 4 _911162
_aNovela inglesa
700 1 _936579
_aFernández de Villavicencio, Matuca
942 _2ddc
_cBK
999 _c22712
_d22712